Find That Country: Hot or Cold VI Quiz Stats

 Plays Quiz Updated Feb 13, 2019

     
Support Sporcle.
Go Orange.
Score 0/5 Timer 06:00
31 Plays Today
Country % Correct
Laos
92.4%
Montenegro
75%
Azerbaijan
69.8%
Trinidad and Tobago
65.6%
Cameroon
64.6%

From the Vault

David Bowie Songs by Any Word

by Skelettfejset

Music 20m
"Nothing will keep us together. We can beat them for ever and ever. We can be heroes, just for one day."
Remove Ads.
Support Sporcle.
Get the best of Sporcle when you Go Orange. This ad-free experience offers more features, more stats, and more fun while also helping to support Sporcle. Thank you for becoming a member.

Show Comments

Extras

Top Quizzes Today


Score Distribution

Your Account Isn't Verified!

In order to create a playlist on Sporcle, you need to verify the email address you used during registration. Go to your Sporcle Settings to finish the process.

Report this User

Report this user for behavior that violates our Community Guidelines.

Details: